Know to move, move to know: Ecological knowledge and herd movement strategies among the WODAABE of Southern Niger

שמור ב:
מידע ביבליוגרפי
מחבר ראשי: Nikolaus Schareika
פורמט: ספר
שפה:Undetermined
יצא לאור: Rome, Italy FAO 2003
נושאים:
תגים: הוספת תג
אין תגיות, היה/י הראשונ/ה לתייג את הרשומה!
Thư viện lưu trữ: Trung tâm Học liệu Trường Đại học Cần Thơ
LEADER 00659nam a2200193Ia 4500
001 CTU_59765
008 210402s9999 xx 000 0 und d
082 |a 307.1402 
082 |b S311 
100 |a Nikolaus Schareika 
245 0 |a Know to move, move to know: Ecological knowledge and herd movement strategies among the WODAABE of Southern Niger 
245 0 |c Nikolaus Schareika 
260 |a Rome, Italy 
260 |b FAO 
260 |c 2003 
650 |a nigeria,nigeria 
650 |x developing countries,agricultural conditions,developing countries,socioeconomic conditions 
904 |i Minh 
980 |a Trung tâm Học liệu Trường Đại học Cần Thơ